| 000 | 00427nam a2200181Ia 4500 | ||
|---|---|---|---|
| 005 | 20250423101039.0 | ||
| 008 | 250422s9999 xx 000 0 und d | ||
| 020 | _a0945575343 | ||
| 050 | _aD 783 .M46/ | ||
| 100 | _aREAR Admiral | ||
| 245 | 0 | _aSubmarine diary | |
| 260 | _aNew york | ||
| 260 | _bAlgonouin Book of Chapel hill | ||
| 260 | _c1990 | ||
| 300 | _a290 p | ||
| 650 | _aCataloging inpublication | ||
| 942 | _cBK | ||
| 999 |
_c35123 _d35123 |
||